00830nam a22002417a 4500003001100000005001700011008004100028020001500069040003900084041000800123082001800131100001900149245006300168260004200231300007500273650003000348650003500378650003100413650002900444942000700473952009300480999001500573LK-CoMWRAF20231004151456.0231004b |||||||| |||| 00| 0 eng d a8170366445 aLK-CoMWRAFdLK-CoMWRAFeLK-CoMWRAF aeng a331.4095bCUS aCusters, Peter aCapital accumulation and women's labour in Asian economies aNew Delhi:bVista publications,c1997 a401 p. : ill., maps ; 22 cmbBibliography, glossary and index included aWOMEN IN DEVELOPMENT-Asia aWomen-Asia-Economic conditions aSaving and investment-Asia aFeminist economics-Asia. cBK 00104070aMAINbMAINd2023-10-04l0o331.4095 CUSpRAF1603r2023-10-04w2023-10-04yBK c3779d3779